| 000 | 00645nam a22002057a 4500 | ||
|---|---|---|---|
| 999 |
_c61843 _d61843 |
||
| 005 | 20240527103848.0 | ||
| 008 | 240527b2007 enk||||| |||| 00| 0 eng d | ||
| 020 | _a9780723433972x | ||
| 041 | _aeng | ||
| 080 | _a616-053.2 L-80 | ||
| 100 |
_aLissauer, Tom _922180 |
||
| 245 |
_aIllustrated Textbook of Paediatrics _cTom Lissauer, Graham Clayden. |
||
| 250 | _aThird Edition | ||
| 264 |
_aEdinburgh : _bMosby Elsevier, _c2007. |
||
| 300 |
_a516 p. : _bill.; _c27 cm. |
||
| 653 | _aპედიატრია | ||
| 653 | _aმედიცინა | ||
| 700 |
_aClayden, Graham _eავტორი _922181 |
||
| 942 |
_2udc _cᲬᲘᲒᲜᲘ |
||